Để học tốt văn học 12
Đã lưu trong:
| Formáid: | Leabhar |
|---|---|
| Teanga: | Undetermined |
| Foilsithe: |
Tp.Hồ Chí Minh
Đại học Quốc gia Tp.Hồ Chí Minh
2006
|
| Ábhair: | |
| Clibeanna: |
Cuir Clib Leis
Gan Chlibeanna, Bí ar an gcéad duine leis an taifead seo a chlibeáil!
|
| Thư viện lưu trữ: | Trung tâm Học liệu Trường Đại học Cần Thơ |
|---|
| LEADER | 00620nam a2200193Ia 4500 | ||
|---|---|---|---|
| 001 | CTU_116107 | ||
| 008 | 210402s9999 xx 000 0 und d | ||
| 020 | |c 17000 | ||
| 082 | |a 807.12 | ||
| 082 | |b Đ250/L12 | ||
| 245 | 0 | |a Để học tốt văn học 12 | |
| 245 | 0 | |c Thái Quang Vinh ... [et al.] | |
| 260 | |a Tp.Hồ Chí Minh | ||
| 260 | |b Đại học Quốc gia Tp.Hồ Chí Minh | ||
| 260 | |c 2006 | ||
| 650 | |a Vietnamese literature,Vietnamese literature | ||
| 650 | |x history and criticism,study and teaching | ||
| 904 | |i Tuyến | ||
| 980 | |a Trung tâm Học liệu Trường Đại học Cần Thơ | ||